Shopping smart : The only consumer guide you’ll ever need

محفوظ في:
التفاصيل البيبلوغرافية
المؤلف الرئيسي: Stossel, John
التنسيق: كتاب
اللغة:Undetermined
منشور في: New York Putnam 1980
الموضوعات:
الوسوم: إضافة وسم
لا توجد وسوم, كن أول من يضع وسما على هذه التسجيلة!
Thư viện lưu trữ: Trung tâm Học liệu Trường Đại học Cần Thơ
LEADER 00545nam a2200193Ia 4500
001 CTU_186287
008 210402s9999 xx 000 0 und d
082 |a 640.73 
082 |b S863 
100 |a Stossel, John 
245 0 |a Shopping smart : 
245 4 |b The only consumer guide you’ll ever need 
245 0 |c John Stossel 
260 |a New York 
260 |b Putnam 
260 |c 1980 
650 |a Consumer education,Giáo dục người tiêu dùng 
910 |a Hải 
980 |a Trung tâm Học liệu Trường Đại học Cần Thơ